|
|
|
|
| LEADER |
02443nam a22004213i 4500 |
| 001 |
EBC6978189 |
| 003 |
MiAaPQ |
| 005 |
20231204023224.0 |
| 006 |
m o d | |
| 007 |
cr cnu|||||||| |
| 008 |
231204s2014 xx o ||||0 eng d |
| 020 |
|
|
|a 9781922235138
|q (electronic bk.)
|
| 020 |
|
|
|z 9781922235121
|
| 035 |
|
|
|a (MiAaPQ)EBC6978189
|
| 035 |
|
|
|a (Au-PeEL)EBL6978189
|
| 035 |
|
|
|a (OCoLC)1356001962
|
| 040 |
|
|
|a MiAaPQ
|b eng
|e rda
|e pn
|c MiAaPQ
|d MiAaPQ
|
| 050 |
|
4 |
|a DS644.32.B743 2014eb
|
| 082 |
0 |
|
|a 959.8035
|
| 100 |
1 |
|
|a Lindsay, Jennifer.
|
| 245 |
1 |
0 |
|a Breaking the Silence :
|b Survivors Speak about 1965-66 Violence in Indonesia.
|
| 250 |
|
|
|a 1st ed.
|
| 264 |
|
1 |
|a Melbourne :
|b Monash University Publishing,
|c 2014.
|
| 264 |
|
4 |
|c Ã2014.
|
| 300 |
|
|
|a 1 online resource (322 pages)
|
| 336 |
|
|
|a text
|b txt
|2 rdacontent
|
| 337 |
|
|
|a computer
|b c
|2 rdamedia
|
| 338 |
|
|
|a online resource
|b cr
|2 rdacarrier
|
| 490 |
1 |
|
|a Herb Feith Translation Series
|
| 505 |
0 |
|
|a Intro -- Title Page -- Copyright -- Contents -- About the Herb Feith Translation Series -- Foreword -- Editor's comments -- Glossary -- 1. Asman Yodjodolo: Never-ending struggle -- 2. Beny: The search for healing -- 3. I Ketut Sumarta: Guilty until never proven innocent -- 4. Lambatu bin Lanasi: Demanding rehabilitation of his reputation -- 5. Leo: Surviving New Order oppression -- 6. Lestari: My ideals for my country -- 7. Luh Sutari: Plaiting stories -- 8. Nadue: Always loyal to my country -- 9. Niko: Clarity at last -- 10. Permadi: Life in painting -- 11. Rahim Marhab: History will reveal the truth -- 12. Rukiah: Undying loyalty -- 13. Sutarni: A story of family survival -- 14. Ibu Tachrin: Triumph over oppression -- 15. Wardik: New Order survivor -- About the editor -- Back Cover.
|
| 588 |
|
|
|a Description based on publisher supplied metadata and other sources.
|
| 590 |
|
|
|a Electronic reproduction. Ann Arbor, Michigan : ProQuest Ebook Central, 2023. Available via World Wide Web. Access may be limited to ProQuest Ebook Central affiliated libraries.
|
| 655 |
|
4 |
|a Electronic books.
|
| 700 |
1 |
|
|a Sukanta, Putu Oka.
|
| 776 |
0 |
8 |
|i Print version:
|a Lindsay, Jennifer
|t Breaking the Silence
|d Melbourne : Monash University Publishing,c2014
|z 9781922235121
|
| 797 |
2 |
|
|a ProQuest (Firm)
|
| 830 |
|
0 |
|a Herb Feith Translation Series
|
| 856 |
4 |
0 |
|u https://ebookcentral.proquest.com/lib/matrademy/detail.action?docID=6978189
|z Click to View
|